| 000 | nam a22 7a 4500 | ||
|---|---|---|---|
| 999 |
_c234895 _d234895 |
||
| 003 | Nust | ||
| 005 | 20170331184946.0 | ||
| 008 | 170331b xxu||||| |||| 00| 0 eng d | ||
| 020 | _a9780007232062 | ||
| 040 | _cNust | ||
| 082 |
_a813.6 _bSTE |
||
| 100 | _aSteubgayre, Olen | ||
| 245 |
_aThe Istanbul variations _cOlen Steinhauer |
||
| 260 |
_aLondon; _bHarper Collins Pulishers _c2007 |
||
| 300 | _a290 p. | ||
| 650 |
_aSocial conditions _vFiction |
||
| 942 |
_2ddc _cBK |
||